Os 15 principais países com mortes por Covid19 - 23 de junho - Statistics

Estatísticas Gerais
  • Esse quiz foi jogado 7 vezes
  • A pontuação média é 13 de 20
Estatísticas das Respostas
país % Correto
Brasil
100%
Estados Unidos
86%
França
86%
Itália
86%
Alemanha
71%
Canadá
71%
Chile
71%
Espanha
71%
Índia
71%
Reino Unido
71%
Rússia
71%
México
57%
Países Baixos
57%
Peru
57%
Suíça
57%
Bélgica
43%
Irão
43%
Suécia
43%
Equador
29%
Irlanda
29%
Nenhum quiz correspondente encontrado
Distribuição das Pontuações
Porcentagem de Pessoas com Cada Pontuação
Percentil de Números Respondidos
Sua Pontuação Histórica
Você não jogou esse quiz